000 01380nas a2200241 454500
001 38677
005 20260407193510.0
008 260407s1971####ag###########|||spa#d
003 AR-UNSa-BCEJYS
040 _aAR-UNSa-BCEJYS
_bspa
_cAR-UNSa-BCEJYS
080 _a070
_xPeriódicos. La prensa. Periodismo
245 1 0 _aNoticias de la República de China
022 _a0255-9846
264 1 _aTaipei :
_bKwang Hwa
_c1971
310 _aFrecuencia: Trimensual Cambia de Director a partir del Vol. 26, Nº 24 por Chi Su Cambia de Director a partir del Vol. 27, Nº 15 por David Tawei LEE Cambia de Director a partir del Vol. 28, Nº 5 por CHEN Chien-jen Cambia de Director a partir del Vol. 28, Nº 7 por C.J. (Chien-Jen) Chen Cambia de Director a partir del Vol. 29, Nº 32 por Chao Yi Cambia de Director a partir del Vol. 30, Nº 14 por Chung Chin Cambia de Director a partir del Vol. 30, Nº 28 por Su Tzen-ping Cambia de Director a partir del Vol. 32, Nº 4 por Arthur Iap Cambia de Director a partir del Vol. 33, Nº 31 por Huang-Hwei-chen Cambia de Director a partir del Vol. 34, Nº 15 por Lin Chia-lung
041 _aspa
942 _cSER
590 _aniveau_biblio:s niveau_hierar:1
100 1 _aHu, Jason C.
650 _aChina
650 _aPeríodico
856 4 1 _uhttps://biblioeco.unsa.edu.ar/pmb/images/revistas/Noticias01.jpg
_yImagen de portada
_qimage/jpeg
999 _c8824
_d8824